[Event "Biel-B"]
[Site "Biel"]
[Date "1990.??.??"]
[Round "6"]
[White "Cramling, Pia"]
[Black "Chiburdanidze, Maia"]
[Result "1/2-1/2"]
[WhiteElo "2505"]
[BlackElo "2500"]

1.d4 Nf6 2.c4 g6 3.Nc3 Bg7 4.e4 O-O 5.Nf3 c6 6.e5 Ne8 7.h3 d6 8.Bf4 Nd7 9.exd6 Nxd6
10.Bd3 Qa5 11.O-O Nf5 12.Ne2 Nf6 13.Qc2 h5 14.Rab1 c5 15.dxc5 Qxc5 16.b4 Qc6
17.Rfd1 Rd8 18.Be5 Bd7 19.Nc3 Be6 20.c5 a6 21.Qe2 Nd5 22.Nxd5 Bxd5 23.Bxf5 Bxf3
24.gxf3 gxf5 25.Rxd8+ Rxd8 26.Bxg7 Kxg7 27.Qxe7 Rd2 28.Qg5+ Qg6 29.Qxg6+ Kxg6
30.a3 Rd3 31.Re1 Rxa3 32.Re7 a5 33.Rxb7 axb4 34.Rxb4 Rc3 35.Rb6+ Kg5 36.Rc6 Rxf3
37.Kg2 Rc3 38.Rc7 f6 39.Rg7+  1/2-1/2

[Event "Biel-B"]
[Site "Biel"]
[Date "1990.??.??"]
[Round "8"]
[White "Chiburdanidze, Maia"]
[Black "Costa, Jean Luc"]
[Result "1-0"]
[WhiteElo "2500"]
[BlackElo "2405"]

1.e4 d6 2.f4 c6 3.Nf3 d5 4.Nc3 dxe4 5.Nxe4 Nf6 6.Nxf6+ exf6 7.Bc4 Be7 8.O-O O-O
9.d3 Nd7 10.a4 Qc7 11.Be3 Bd6 12.Qd2 b6 13.Nd4 Re8 14.Rae1 Nf8 15.Kh1 a6
16.Ne2 Bb7 17.Ng3 Ng6 18.Ne4 b5 19.Bb6 Qb8 20.Ba2 c5 21.Nxc5 Rxe1 22.Rxe1 Bc6
23.a5 Nxf4 24.Ne4 f5 25.Nxd6 Qxd6 26.Rg1 Re8 27.Be3 Nh3 28.Rf1 f4 29.Bb6 Qh6
30.Re1 Rxe1+ 31.Qxe1 f3 32.Bd5 f2 33.Bxf2 Nxf2+ 34.Kg1 Ng4 35.h3 Qf4 36.Bxc6 Qh2+
37.Kf1 Qf4+ 38.Kg1 Qh2+ 39.Kf1 Qf4+ 40.Bf3 Nf6 41.Qc3 g5 42.Ke2 h5 43.Qd2 Qf5
44.Qe3 b4 45.Qd4 g4 46.hxg4 hxg4 47.Bb7 Nh5 48.Qxb4 Nf4+ 49.Kd1 Ng6 50.Be4 Qh5
51.Bxg6 Qxg6 52.Qe4 f5 53.Qd5+ Kg7 54.Qb7+ Kg8 55.b4  1-0

[Event "Biel-B"]
[Site "Biel"]
[Date "1990.??.??"]
[Round "10"]
[White "Chiburdanidze, Maia"]
[Black "Gallagher, Joseph G"]
[Result "1/2-1/2"]
[WhiteElo "2500"]
[BlackElo "2495"]

1.c4 g6 2.Nc3 Bg7 3.g3 e5 4.Bg2 d6 5.e3 Nc6 6.Nge2 f5 7.d3 Nf6 8.Rb1 Be6
9.Nd5 O-O 10.O-O Qd7 11.b4 Rae8 12.b5 Nd8 13.Qa4 a6 14.Nec3 axb5 15.cxb5 Nxd5
16.Nxd5 Qf7 17.Nb4 Kh8 18.Qc2 g5 19.f4 gxf4 20.exf4 e4 21.dxe4 Bc4 22.Rd1 fxe4
23.Bxe4 Rxe4 24.Qxe4 Re8 25.Qf3 Be2 26.Qd5 Bxd1 27.Qxd1 Qc4 28.Bb2 Re2 29.Bxg7+ Kxg7
30.Qd5 Qc5+ 31.Qxc5 dxc5 32.Nd5 Ne6 33.Rd1 Nd4 34.Nxc7 Rxa2 35.Rd3 Rb2 36.f5 Kf6
37.g4 Ke5 38.Ne6 Nxe6 39.Re3+ Kf4 40.Rxe6 Kf3 41.Re1 Rg2+ 42.Kh1 Rxg4 43.b6 Kf2
44.Rc1 Rb4 45.Rc2+ Kf3 46.Rc3+ Kg4 47.Rxc5 Rxb6 48.Rc7 Kxf5 49.Rxh7 Rb2 50.Kg1 b5
51.Kf1 b4 52.Ke1 Ke4 53.Kd1 Kd3 54.Kc1 Rf2 55.h3  1/2-1/2

[Event "Forli op"]
[Site "Forli"]
[Date "1990.??.??"]
[Round "3"]
[White "Atalik, Suat"]
[Black "Chiburdanidze, Maia"]
[Result "1/2-1/2"]
[WhiteElo "2415"]
[BlackElo "2470"]

1.d4 d6 2.Nf3 Bg4 3.e4 Nf6 4.Nc3 g6 5.Be2 Bg7 6.O-O O-O 7.Be3 Nc6 8.Qd2 e5
9.dxe5 dxe5 10.Rad1 Qe7 11.Bg5 Bxf3 12.Bxf3 Nd4 13.Nd5 Qd6 14.c3 Nxf3+ 15.gxf3 Nxd5
16.Qxd5 Qa6 17.b4 h6 18.Be3 c6 19.Qb3 Rfd8 20.a4 b6 21.b5 Qb7 22.Rxd8+ Rxd8
23.Rd1 Rd7 24.c4 Bf8 25.Rd3 Qc8 26.Kg2 Qd8 27.Rxd7 Qxd7 28.Qc3 f6 29.c5 Bxc5
30.Bxc5 bxc5 31.Qxc5 cxb5 32.axb5 Kg7  1/2-1/2

[Event "Forli op"]
[Site "Forli"]
[Date "1990.??.??"]
[Round "4"]
[White "Chiburdanidze, Maia"]
[Black "Oesterle, Peter"]
[Result "0-1"]
[WhiteElo "2470"]
[BlackElo "2260"]

1.e4 c5 2.Nf3 d6 3.d4 cxd4 4.Nxd4 Nf6 5.Nc3 g6 6.Be2 Bg7 7.Be3 Nc6 8.Qd2 O-O
9.Nb3 Be6 10.Rd1 Ne5 11.O-O Nc4 12.Bxc4 Bxc4 13.Rfe1 Re8 14.Bd4 Rc8 15.Bxa7 b6
16.e5 Nd7 17.exd6 e6 18.Nd4 Rc5 19.b4 Rh5 20.Na4 Bd5 21.c4 Qh4 22.cxd5 Qxh2+
23.Kf1 Qh1+ 24.Ke2 Qxg2 25.dxe6 Bxd4 26.Kd3 fxe6 27.Kc2 Qc6+ 28.Kb1 Qxa4
29.Qxd4 Rb5 30.Ka1 Rxb4 31.Qd2 Nc5 32.Re3 Ra8 33.d7 Rd8 34.Rd3 Rxd7  0-1

[Event "Forli op"]
[Site "Forli"]
[Date "1990.??.??"]
[Round "5"]
[White "Joksic, Sinisa"]
[Black "Chiburdanidze, Maia"]
[Result "1/2-1/2"]
[WhiteElo "2320"]
[BlackElo "2470"]

1.d4 Nf6 2.Bg5 d6 3.Nc3 Nbd7 4.e4 e5 5.Nf3 Be7 6.Be2 O-O 7.O-O c6 8.h3 Re8
9.Re1 h6 10.Be3 Bf8 11.Bf1 b5 12.a3 Bb7 13.Nd2 a6 14.g3 g6 15.Bg2 Bg7 16.dxe5 Nxe5
17.f4 Ned7 18.Nb3 Qc7 19.Bf2 c5 20.Rb1 c4 21.Nd2 Nc5 22.Re2 Re7 23.Qf1 Rae8
24.Rbe1 Nfd7 25.Kh2 Nb6 26.Qg1 Nba4 27.Bd4 Bxd4 28.Qxd4 Nxc3 29.bxc3 Na4
30.h4 Qc5 31.Nb1 f5 32.e5 Bxg2 33.Kxg2 dxe5 34.Rxe5 Rxe5 35.Rxe5 Rxe5 36.fxe5 Qc6+
37.Kf2 Nc5 38.Nd2 Ne6 39.Qa7 g5 40.hxg5 Nxg5 41.Qe7 Nh3+ 42.Ke1 Qh1+ 43.Nf1 Qe4+
44.Kd2 Qg2+  1/2-1/2

[Event "Forli op"]
[Site "Forli"]
[Date "1990.??.??"]
[Round "6"]
[White "Votruba, Pavel"]
[Black "Chiburdanidze, Maia"]
[Result "1/2-1/2"]
[WhiteElo "2315"]
[BlackElo "2470"]

1.Nf3 Nf6 2.c4 e6 3.b3 d5 4.Bb2 Be7 5.e3 O-O 6.d4 b6 7.Bd3 Bb7 8.O-O c5 9.Nc3 Nc6
10.Rc1 Rc8 11.Re1  1/2-1/2

[Event "Forli op"]
[Site "Forli"]
[Date "1990.??.??"]
[Round "9"]
[White "Schneider, B."]
[Black "Chiburdanidze, Maia"]
[Result "1/2-1/2"]
[WhiteElo "2460"]
[BlackElo "2470"]

1.e4 e5 2.Bc4 Nf6 3.d3 Be7 4.Nc3 c6 5.Nf3 d6 6.Ne2 O-O 7.Ng3 b5 8.Bb3 Na6
9.c3 Nc5 10.Bc2 Re8 11.O-O Bf8 12.Re1 a6 13.d4 Ncd7 14.Bb3 h6 15.a4 Bb7 16.Bd2 Qc7
17.Nh4 Nb6 18.Qf3 bxa4 19.Bc2 Nh7 20.Nhf5 Bc8 21.h4 Rb8 22.Bd3 Kh8 23.Nf1 Qd8
24.g3 Nf6 25.Nh2 Ng8 26.h5 Nf6 27.g4 Nh7 28.Qg3 Be6 29.Bc1 a5 30.Nf3 Bc4
31.Bb1 Ng5 32.Nxg5 hxg5 33.Qe3 f6 34.Qh3 Bb3 35.Ne3 Nc8 36.Bd3 Na7 37.d5 Qc7
38.Qf3 Qf7 39.c4 Nc8 40.Bd2 Nb6 41.Ra3 Rbc8 42.Qf5 Nd7 43.Kg2 Nc5 44.Bb1 Ra8
45.Rh1 Nd7 46.Rh3 Rec8 47.Ra1 Qe8 48.Bd3 Be7 49.Rah1 Nf8 50.Bb1 Kg8 51.Bd3 Kh8  1/2-1/2

[Event "Geneve"]
[Site "Geneve"]
[Date "1990.??.??"]
[Round "1"]
[White "Chiburdanidze, Maia"]
[Black "King, Daniel J"]
[Result "1/2-1/2"]
[WhiteElo "2500"]
[BlackElo "2560"]

1.e4 e6 2.d4 d5 3.Nc3 Nf6 4.Bg5 dxe4 5.Nxe4 Nbd7 6.Nf3 h6 7.Nxf6+ Nxf6 8.Bh4 c5
9.Bb5+ Bd7 10.Bxd7+ Qxd7 11.O-O cxd4 12.Nxd4 Bc5 13.Nb3 Be7 14.c3 Qxd1 15.Rfxd1 Nd5
16.Bg3 O-O-O 17.Be5 f6 18.Bd4 b6 19.f3 Kb7 20.Rd2 Nc7 21.Rad1 h5 22.Kf1 e5
23.Be3 Kc6 24.Ke2 Ne6 25.Rxd8 Rxd8 26.Rxd8 Bxd8 27.Nc1 a5 28.Nd3 b5 29.h3 Kd5
30.g4 g6 31.b3 Bc7 32.Nb2 f5 33.gxf5 gxf5 34.c4+ bxc4 35.bxc4+ Kc6 36.Nd3 Bd6  1/2-1/2

[Event "Geneve"]
[Site "Geneve"]
[Date "1990.??.??"]
[Round "2"]
[White "Rogers, Ian"]
[Black "Chiburdanidze, Maia"]
[Result "1/2-1/2"]
[WhiteElo "2535"]
[BlackElo "2500"]

1.Nf3 d6 2.d4 Nf6 3.c4 Nbd7 4.Nc3 e5 5.e4 g6 6.Be2 Bg7 7.O-O O-O 8.d5 Nc5
9.Qc2 a5 10.Bg5 h6 11.Be3 Na6 12.Nd2 Ng4 13.Bxg4 Bxg4 14.a3 Bd7 15.Rab1 f5
16.f3 f4 17.Bf2 Bf6 18.Kh1 Bh4 19.Bg1 h5 20.b4 axb4 21.axb4 Qe7 22.Qb3 Kh7
23.Ra1 g5 24.Ra5 g4 25.Qa3 Rg8 26.fxg4 Bxg4 27.Qb2 Raf8 28.Nf3 Rg6 29.b5 Nc5
30.Bxc5 dxc5 31.Ra2 Rfg8 32.Na4 Bxf3 33.Rxf3 b6 34.Qe2 Kh6 35.Nc3 Qd7 36.Qf1  1/2-1/2

[Event "Geneve"]
[Site "Geneve"]
[Date "1990.??.??"]
[Round "4"]
[White "Chiburdanidze, Maia"]
[Black "Brunner, Lucas"]
[Result "1/2-1/2"]
[WhiteElo "2500"]
[BlackElo "2475"]

1.e4 c5 2.Nf3 d6 3.d4 cxd4 4.Nxd4 Nf6 5.Nc3 a6 6.a4 e5 7.Nf3 Qc7 8.Bg5 Nbd7
9.Nd2 h6 10.Be3 Be7 11.Bc4 O-O 12.O-O b6 13.Qe2 Bb7 14.Rfd1 Rfc8 15.f3 Nc5
16.Qf2 Bf8 17.b3 Bc6 18.Nf1 Ncd7 19.Qe2 Qb7 20.Bf2 Ne8 21.Ne3 Ndf6 22.Bh4 g6
23.Ncd5 Nxd5 24.Bxd5 b5 25.Qd3 Nc7  1/2-1/2

[Event "Geneve"]
[Site "Geneve"]
[Date "1990.??.??"]
[Round "6"]
[White "King, Daniel J"]
[Black "Chiburdanidze, Maia"]
[Result "1/2-1/2"]
[WhiteElo "2560"]
[BlackElo "2500"]

1.g3 g6 2.Bg2 Bg7 3.c4 e5 4.Nc3 d6 5.e4 Be6 6.Nge2 Qd7 7.d3 c6 8.b4 Ne7 9.Rb1 O-O
10.O-O b5 11.cxb5 cxb5 12.Be3 Nbc6 13.a4 bxa4 14.b5 Nd4 15.Qxa4 Nxe2+ 16.Nxe2 a6
17.Nc3 axb5 18.Qxb5 Rfd8 19.Rfc1 h6 20.Qxd7  1/2-1/2

[Event "Geneve"]
[Site "Geneve"]
[Date "1990.??.??"]
[Round "8"]
[White "Kotronias, Vasilios"]
[Black "Chiburdanidze, Maia"]
[Result "0-1"]
[WhiteElo "2510"]
[BlackElo "2500"]

1.e4 e5 2.Nf3 Nc6 3.Bb5 a6 4.Ba4 Nf6 5.O-O Be7 6.Re1 b5 7.Bb3 d6 8.c3 O-O
9.h3 Na5 10.Bc2 c5 11.d4 exd4 12.cxd4 Bb7 13.Nbd2 cxd4 14.Nxd4 Re8 15.b3 Bf8
16.Bb2 g6 17.a4 b4 18.Ra2 Bg7 19.N4f3 Rc8 20.Re3 d5 21.Qb1 Qc7 22.Bxf6 Bxf6
23.Qf1 Qb6 24.e5 Bg7 25.Re2 Rc3 26.Qe1 d4 27.Be4 Nxb3 28.Nxb3 Bxe4 29.Rxe4 Rxb3
30.Nxd4 Ra3 31.Rc2 Rxa4 32.Nb3 a5 33.Nc5 Qc6 34.Rcc4 Ra3 35.f3 Bf8 36.e6 Bxc5+
37.Kh1 Rxe6  0-1

[Event "Geneve"]
[Site "Geneve"]
[Date "1990.??.??"]
[Round "9"]
[White "Brunner, Lucas"]
[Black "Chiburdanidze, Maia"]
[Result "1/2-1/2"]
[WhiteElo "2475"]
[BlackElo "2500"]

1.d4 Nf6 2.c4 d6 3.Nc3 g6 4.e4 Bg7 5.Nf3 O-O 6.Be2 Na6 7.O-O e5 8.Be3 c6
9.d5 Ng4 10.Bg5 f6 11.Bd2 c5 12.Ne1 f5 13.Bxg4 fxg4 14.Nd3 Bd7 15.a3 Bf6
16.b4 b6 17.Nb5 Qe7 18.bxc5 Nxc5 19.Nxc5 bxc5 20.Rb1 a6 21.Nc3 Rfb8 22.Qc2 Qd8
23.Rxb8 Rxb8 24.Rb1 Rb6 25.Kf1 Qb8 26.Ke2 Rxb1 27.Qxb1 Qxb1 28.Nxb1 Bd8 29.Nc3 Kf7
30.Kd3 h5 31.Kc2  1/2-1/2

[Event "FRG Cup"]
[Site "Koln"]
[Date "1990.??.??"]
[Round "?"]
[White "Chiburdanidze, Maia"]
[Black "Huebner, Robert"]
[Result "1/2-1/2"]
[WhiteElo "2470"]
[BlackElo "2595"]

1.e4 e5 2.Nf3 Nc6 3.Bb5 a6 4.Ba4 Nf6 5.O-O Be7 6.Re1 b5 7.Bb3 d6 8.c3 O-O
9.h3 Na5 10.Bc2 c5 11.d4 exd4 12.cxd4 Bb7 13.Bg5 Re8 14.Nbd2 h6 15.Bf4 cxd4
16.Nxd4 Bf8 17.Nf5 Rc8 18.Rc1 Qd7 19.Bb1 Rxc1 20.Qxc1 Nc6 21.Qc3 Nd5 22.Qg3 Nxf4
23.Qxf4 Ne5 24.Qg3 Kh8 25.f4 Nc4 26.Nxc4 bxc4 27.Qc3 Kg8 28.Kh2 g6 29.Ng3 Qb5
30.b3 cxb3 31.Qxb3 Qxb3 32.axb3 h5 33.Ne2 Bxe4 34.Nc3 Bc6 35.Rxe8 Bxe8 36.b4 Bc6
37.Ba2 Bb7 38.Bc4 Be7 39.Nd5 Bd8 40.g4 h4 41.g5 Kg7 42.Kg1 a5 43.bxa5 Bxa5
44.Kf2 Bd2 45.Kf3 Bc6 46.Bb3 Bd7 47.Nf6 Bb5 48.Bd5 Bb4 49.Kg4 Bc3 50.Kxh4 Bxf6
51.gxf6+ Kxf6 52.Kg3 Bd7 53.h4 Be6 54.Bf3 d5 55.h5 g5 56.Bd1 Bf5 57.Bb3 Be6
58.Bc2 gxf4+ 59.Kxf4 Kg7 60.Ke5 Bg4 61.Kxd5 Bxh5 62.Ke5 Bg6 63.Bb3 f6+ 64.Kf4 Kf8  1/2-1/2

[Event "Kusadasi op"]
[Site "Kusadasi"]
[Date "1990.??.??"]
[Round "2"]
[White "Chiburdanidze, Maia"]
[Black "Pamuk, Murat"]
[Result "1/2-1/2"]
[WhiteElo "2470"]
[BlackElo "2225"]

1.e4 c5 2.Nc3 Nc6 3.g3 g6 4.Bg2 Bg7 5.d3 d6 6.Be3 e5 7.Qd2 Nge7 8.h4 h5 9.Nh3 Nd4
10.O-O-O Qa5 11.Rdf1 b5 12.Kb1 b4 13.Bxd4 cxd4 14.Ne2 Rb8 15.f4 Be6 16.Nc1 f6
17.Ng1 Rb6 18.b3 Qc5 19.Bh3 Bf7 20.g4 hxg4 21.Bxg4 a5 22.Qg2 a4 23.h5 a3
24.Nce2 Rc6 25.Rc1 Kf8 26.hxg6 Nxg6 27.Rxh8+ Bxh8 28.Nh3 Ne7 29.Nf2 Bg7 30.Qh1 Nc8
31.Bxc8 Rxc8 32.Qh3 Qc7 33.Qg4 Bg8 34.Qf5 Bf7 35.Ng4 Ke7 36.Nf2 Kf8  1/2-1/2

[Event "Kusadasi op"]
[Site "Kusadasi"]
[Date "1990.??.??"]
[Round "3"]
[White "Chiburdanidze, Maia"]
[Black "Rahls, Peter"]
[Result "1-0"]
[WhiteElo "2470"]
[BlackElo "2215"]

1.e4 c5 2.Nf3 e6 3.Nc3 a6 4.d4 cxd4 5.Nxd4 d6 6.Be3 Nf6 7.Be2 Qc7 8.a4 b6
9.f4 Nbd7 10.Bf3 Bb7 11.Qe2 Rc8 12.f5 e5 13.Nb3 Qb8 14.Nd2 Qa8 15.Qd3 d5
16.Nxd5 Nxd5 17.exd5 Bc5 18.c4 O-O 19.Be4 Bb4 20.O-O Nc5 21.Bxc5 Bxc5+ 22.Kh1 f6
23.a5 Qa7 24.Nb3 Bd6 25.Rfc1 bxa5 26.Rxa5 Bb4 27.Raa1 a5 28.Nxa5 Ra8 29.Nb3 Qf2
30.Qc2 Qe3 31.c5 g6 32.Qc4 Rab8 33.d6+ Kh8 34.Bxb7 Rxb7 35.c6 Rg7 36.Qxb4 gxf5
37.d7 Rfg8 38.Qd2 Qe4 39.Qc2  1-0

[Event "Kusadasi op"]
[Site "Kusadasi"]
[Date "1990.??.??"]
[Round "4"]
[White "Kudrin, Sergey"]
[Black "Chiburdanidze, Maia"]
[Result "1/2-1/2"]
[WhiteElo "2565"]
[BlackElo "2470"]

1.e4 e5 2.Nf3 d6 3.d4 exd4 4.Nxd4 Nf6 5.Nc3 Be7 6.g3 d5 7.exd5 Nxd5 8.Nf3 Nxc3
9.Qxd8+ Bxd8 10.bxc3 Bf5 11.Bg2 Nc6 12.O-O  1/2-1/2

[Event "Kusadasi op"]
[Site "Kusadasi"]
[Date "1990.??.??"]
[Round "5"]
[White "Chiburdanidze, Maia"]
[Black "Vyzmanavin, Alexey"]
[Result "1-0"]
[WhiteElo "2470"]
[BlackElo "2560"]

1.e4 c5 2.Nf3 e6 3.d4 cxd4 4.Nxd4 a6 5.Bd3 Qc7 6.O-O Nf6 7.Kh1 b5 8.f4 Bb7
9.Qe2 Nc6 10.Nxc6 Qxc6 11.Nd2 Be7 12.e5 Nd5 13.c4 Nb4 14.Be4 Qb6 15.c5 Bxc5
16.Bxb7 Qxb7 17.Ne4 Be7 18.f5 O-O-O 19.Bg5 d5 20.exd6 Bxd6 21.Bxd8 Bb8 22.fxe6 fxe6
23.Ba5 Nc6 24.Rac1 Bc7 25.Bxc7 Qxc7 26.Rc3 Kb8 27.Rfc1 Nd4 28.Qf2 Qe5 29.Rd1 b4
30.Re3 Qf5 31.Qg3+ Ka8 32.Qxg7 Rf8 33.h3 e5 34.Nc5  1-0

[Event "Kusadasi op"]
[Site "Kusadasi"]
[Date "1990.??.??"]
[Round "6"]
[White "Novikov, Igor A"]
[Black "Chiburdanidze, Maia"]
[Result "1/2-1/2"]
[WhiteElo "2550"]
[BlackElo "2470"]

1.d4 Nf6 2.c4 g6 3.Nc3 Bg7 4.e4 O-O 5.Nf3 c6 6.e5 Ne8 7.Be2 d6 8.Bf4 Bg4
9.O-O Nd7 10.Re1 h6 11.h3 Bxf3 12.Bxf3 dxe5 13.dxe5 Nc7 14.Re2 Ne6 15.Rd2 Nxf4
16.Rxd7 Qb8 17.Rxe7 Re8 18.Rd7 Rd8 19.Qd2 Rxd7 20.Qxd7 Qxe5 21.Rd1  1/2-1/2

[Event "Kusadasi op"]
[Site "Kusadasi"]
[Date "1990.??.??"]
[Round "9"]
[White "Chiburdanidze, Maia"]
[Black "Malaniuk, Vladimir P"]
[Result "1-0"]
[WhiteElo "2470"]
[BlackElo "2505"]

1.e4 e5 2.Nf3 Nc6 3.d4 exd4 4.Nxd4 Bc5 5.Nb3 Bb6 6.Nc3 Qf6 7.Qe2 Nge7 8.Be3 Nd4
9.Qd2 Nxb3 10.axb3 Bxe3 11.Qxe3 Nc6 12.Nd5 Qxb2 13.Rd1 O-O 14.Bd3 Nd4 15.O-O Ne6
16.e5 Kh8 17.Bxh7  1-0

[Event "Salamanca"]
[Site "Salamanca"]
[Date "1990.??.??"]
[Round "1"]
[White "Chiburdanidze, Maia"]
[Black "Sanz Alonso, Francisco Javier"]
[Result "1/2-1/2"]
[WhiteElo "2470"]
[BlackElo "2450"]

1.e4 e5 2.Nf3 Nc6 3.Bc4 Nf6 4.d3 Be7 5.O-O O-O 6.Re1 d6 7.c3 Na5 8.Bb5 a6
9.Ba4 b5 10.Bc2 c5 11.Nbd2 Nc6 12.Nf1 Qc7 13.Ng3 h6 14.h3 Re8 15.Nh2  1/2-1/2

[Event "Salamanca"]
[Site "Salamanca"]
[Date "1990.??.??"]
[Round "2"]
[White "Fernandez Garcia, Jose L"]
[Black "Chiburdanidze, Maia"]
[Result "0-1"]
[WhiteElo "2470"]
[BlackElo "2470"]

1.e4 e5 2.Nf3 Nc6 3.Bb5 a6 4.Ba4 Nf6 5.O-O b5 6.Bb3 Bb7 7.Re1 Bc5 8.c3 d6
9.d4 Bb6 10.Bg5 h6 11.Bh4 Qe7 12.a4 g5 13.Bg3 h5 14.axb5 axb5 15.Rxa8+ Bxa8
16.h4 g4 17.dxe5 dxe5 18.Ng5 Nd8 19.Ba2 Nd7 20.Qb3 Bc6 21.Rd1 f6 22.Ne6 Nxe6
23.Qxe6 Qxe6 24.Bxe6 Nc5 25.Bd5 Bxd5 26.exd5 Ne4 27.Kf1 Kd7 28.Na3 Ra8 29.Rd3 Bc5
30.Nxb5 Ra1+ 31.Ke2  0-1

[Event "Salamanca"]
[Site "Salamanca"]
[Date "1990.??.??"]
[Round "6"]
[White "Sion Castro, Marcelino"]
[Black "Chiburdanidze, Maia"]
[Result "0-1"]
[WhiteElo "2365"]
[BlackElo "2470"]

1.e4 e5 2.Nf3 Nc6 3.Bb5 a6 4.Ba4 Nf6 5.O-O Be7 6.Re1 b5 7.Bb3 d6 8.c3 O-O
9.h3 Na5 10.Bc2 c5 11.d4 Qc7 12.d5 c4 13.b4 cxb3 14.axb3 Nd7 15.Bd2 Nb7 16.b4 Nb6
17.Na3 Bd7 18.Qe2 Rfc8 19.Rec1 Bd8 20.Bd3 Qb8 21.Be3 Na4 22.Bd2 Nb6 23.Ra2 Na4
24.Qe1 h6 25.Rca1 Qc7 26.c4 bxc4 27.Nxc4 Bb5 28.Rxa4 Bxc4 29.Qe2 a5 30.bxa5 Bxd3
31.Qxd3 Nc5 32.Qc4 Nxa4 33.Qxa4 Qc4 34.Qe8+ Kh7 35.Qxf7 Qxe4 36.a6 Bb6 37.Be1 Rc7
38.Qh5 Qxd5 39.Rd1 Qc6 40.Bb4 Bxf2+  0-1

[Event "Biel op"]
[Site "Biel"]
[Date "1991.??.??"]
[Round "4"]
[White "Hoffmann, Michael"]
[Black "Chiburdanidze, Maia"]
[Result "0-1"]
[WhiteElo "2465"]
[BlackElo "2495"]

1.d4 Nf6 2.c4 g6 3.Nc3 Bg7 4.e4 O-O 5.Nf3 c6 6.Bd3 d6 7.h3 e5 8.Be3 exd4
9.Nxd4 Nbd7 10.O-O Nc5 11.Nb3 Nxd3 12.Qxd3 Be6 13.Rad1 Re8 14.f4 Qe7 15.Rf3 Nd7
16.Bd4 f6 17.Bf2 Nb6 18.c5 dxc5 19.Nxc5 Red8 20.Qc2 Rxd1+ 21.Qxd1 Rd8 22.Rd3 Rxd3
23.Qxd3 Bc4 24.Qd1 Bf8 25.Bd4 Bf7 26.Qg4 Qd6 27.Bf2 Qd2 28.e5 fxe5 29.fxe5 Bxc5  0-1

[Event "Biel op"]
[Site "Biel"]
[Date "1991.??.??"]
[Round "8"]
[White "Flear, Glenn C"]
[Black "Chiburdanidze, Maia"]
[Result "1/2-1/2"]
[WhiteElo "2515"]
[BlackElo "2495"]

1.d4 Nf6 2.c4 d6 3.Nc3 Nbd7 4.e4 e5 5.Nf3 g6 6.Be2 Bg7 7.O-O O-O 8.Qc2 c6
9.Rd1 exd4 10.Nxd4 Qe7 11.f3 Nh5 12.g4 Nhf6 13.Bg5 a6 14.Qd2 Ne5 15.Nc2 Be6
16.Ne3 h6 17.Bh4 g5 18.Bg3 Rfd8 19.h4 b5 20.hxg5 hxg5 21.cxb5 axb5 22.a3 Nfd7
23.Qxd6 Qxd6 24.Rxd6 b4 25.Ncd1 bxa3 26.Rxa3 Rxa3 27.bxa3 Ra8 28.Nc2 Bf8
29.Rd2 Bxa3 30.Nxa3 Rxa3 31.Kf2 f6 32.Ne3 Kf7 33.Nf5 Ra2 34.Rxa2 Bxa2  1/2-1/2

[Event "Biel op"]
[Site "Biel"]
[Date "1991.??.??"]
[Round "9"]
[White "Chiburdanidze, Maia"]
[Black "Lehmann, Klaus"]
[Result "1-0"]
[WhiteElo "2495"]
[BlackElo "2310"]

1.e4 c6 2.c4 d5 3.cxd5 cxd5 4.exd5 Nf6 5.Bb5+ Nbd7 6.Nc3 a6 7.Qa4 Rb8 8.Bxd7+ Bxd7
9.Qb3 b5 10.Nf3 b4 11.Ne2 Bb5 12.Nf4 Qd6 13.d3 Rd8 14.O-O Nxd5 15.Nxd5 Qxd5
16.Qxb4 e6 17.Qg4 h5 18.Qg3 h4 19.Nxh4 Qh5 20.Nf3 Rxd3 21.Bf4 Rxf3 22.gxf3 Bxf1
23.Rxf1 f6 24.Qg4 Kf7 25.Rc1 Qd5 26.Rc7+ Kg8 27.b3 e5 28.Be3 a5 29.Bc5 Qd1+
30.Kg2 Qc2 31.Rc8 Kf7 32.Bxf8 Rxh2+ 33.Kxh2 Qxf2+ 34.Kh3  1-0

[Event "Graz"]
[Site "Graz"]
[Date "1991.??.??"]
[Round "1"]
[White "Fahrner, Kurt"]
[Black "Chiburdanidze, Maia"]
[Result "0-1"]
[WhiteElo "2290"]
[BlackElo "2485"]

1.e4 e5 2.Nf3 Nc6 3.Nc3 d6 4.Bc4 Be7 5.d3 Nf6 6.h3 Na5 7.Be3 O-O 8.a3 Nxc4
9.dxc4 c6 10.Qd3 Be6 11.O-O-O Qa5 12.Ng5 Rad8 13.Nxe6 fxe6 14.Bg5 Qc7 15.Bxf6 Bxf6
16.h4 a6 17.Qh3 Qf7 18.Rd3 b5 19.cxb5 axb5 20.Kb1 d5 21.g3 d4 22.Ne2 c5 23.f4 Rfe8
24.Rf1 Qb7 25.fxe5 Bxe5 26.Qg4 b4 27.axb4 c4 28.Rdf3 Qxb4 29.c3 dxc3 30.Nxc3 Rb8
31.Rf8+ Rxf8 32.Qxe6+ Kh8 33.Rxf8+ Rxf8 34.Qxe5 Rf1+  0-1

[Event "Graz"]
[Site "Graz"]
[Date "1991.??.??"]
[Round "3"]
[White "Uhlmann, Wolfgang"]
[Black "Chiburdanidze, Maia"]
[Result "1/2-1/2"]
[WhiteElo "2510"]
[BlackElo "2485"]

1.c4 e5 2.Nc3 d6 3.Nf3 Nd7 4.d4 Ngf6 5.e4 g6 6.Be2 Bg7 7.O-O O-O 8.Be3 c6
9.Qc2 h6 10.h3 Qe7 11.Rfe1 Nh5 12.Bf1 f5 13.dxe5 dxe5 14.exf5 gxf5 15.Rad1 Qf7
16.c5 Re8 17.Rd6 Ndf6 18.Qa4 Kh8 19.Bc4 Qc7 20.Qb3 f4 21.Bc1 Nd7 22.Qd1 Nhf6
23.Be6 Nxc5 24.Bxc8 Qxc8 25.Rxe5 Rxe5 26.Nxe5 Qf5 27.Bxf4 Kh7 28.g3 Nh5 29.Nd3 Nxf4
30.Nxf4 Be5 31.Rd8 Rxd8 32.Qxd8 Bxf4 33.gxf4 Qg6+ 34.Kh2 Qf5 35.Qe7+ Kg6
36.Ne2 Qc2 37.Qe3 Qxb2 38.f5+ Kf7 39.Nc3 b6 40.Qg3 Qd2 41.Qg6+ Kf8 42.Qf6+ Kg8
43.Qg6+ Kf8  1/2-1/2

[Event "Graz"]
[Site "Graz"]
[Date "1991.??.??"]
[Round "5"]
[White "Hoelzl, Franz"]
[Black "Chiburdanidze, Maia"]
[Result "0-1"]
[WhiteElo "2390"]
[BlackElo "2485"]

1.d4 Nf6 2.c4 g6 3.g3 Bg7 4.Bg2 O-O 5.Nf3 d6 6.O-O c5 7.d5 b5 8.cxb5 a6 9.b6 Nbd7
10.Nc3 Nxb6 11.e4 Nfd7 12.Nh4 c4 13.Nf3 Nc5 14.Be3 Nd3 15.Qd2 Bd7 16.Bd4 Bxd4
17.Nxd4 Qc7 18.b3 Rac8 19.Nce2 Nc5 20.Rfc1 e5 21.dxe6 fxe6 22.bxc4 e5 23.Nb3 Be6
24.Nc3 Nxc4 25.Qe2 Nxb3 26.axb3 Na5 27.Qa2 Nxb3 28.Bh3 Bxh3 29.Qxb3+ Kh8
30.Qd1 Qc5 31.Qe1 Qd4 32.Nd5 Rxc1 33.Qxc1 Bg4 34.Qe3 Qxe3 35.Nxe3 Bf3 36.h3 Bxe4
37.Rd1 Rb8 38.Rxd6 Rb1+ 39.Nf1 Bf3 40.Rd2 e4  0-1

[Event "Graz"]
[Site "Graz"]
[Date "1991.??.??"]
[Round "7"]
[White "Lendwai, Reinhard"]
[Black "Chiburdanidze, Maia"]
[Result "1/2-1/2"]
[WhiteElo "2405"]
[BlackElo "2485"]

1.e4 e5 2.f4 exf4 3.Nf3 Be7 4.Bc4 Nf6 5.Nc3 O-O 6.e5 Ng4 7.Qe2 d6 8.d4 dxe5
9.dxe5 Ne3 10.Bxe3 fxe3 11.Rd1 Qe8 12.O-O Be6 13.Bxe6 fxe6 14.Qxe3 Nc6 15.Qe4 Bc5+
16.Kh1 Qe7 17.Qg4 Rad8 18.Ne4 Rxd1 19.Rxd1 Rd8 20.Rxd8+ Nxd8 21.h4 Qf8 22.Neg5 Qf5
23.Qc4 Bb6 24.g4 Qf8 25.Qe4 g6 26.Qd3 Bc5 27.Kg2 Qe8 28.Ne4 Be7 29.Nf6+ Bxf6
30.exf6 Nf7 31.Qe4 Qc8 32.Ne5 Nxe5 33.Qxe5 Qd7 34.Kg3 Kf7 35.g5 Qd8 36.b3 a6
37.Qc5 Qd7 38.a4 b6 39.Qe5 a5 40.h5 Qe8 41.Kh4 Qd7 42.hxg6+ hxg6 43.c3 Qc6
44.Kg3 Kf8 45.Kf2 Kf7 46.Ke3 Kf8 47.Qd4 Ke8 48.Kf4 Qg2 49.f7+ Kxf7 50.Qd7+ Kf8
51.Qd8+ Kf7 52.Qd7+ Kf8 53.Qd8+ Kf7 54.Qf6+ Ke8 55.Qxe6+ Kd8 56.Qg8+ Kd7
57.Qf7+ Kd8 58.Qf8+ Kd7 59.Qf7+ Kd8 60.Qf8+ Kd7 61.Qf7+  1/2-1/2

[Event "Graz"]
[Site "Graz"]
[Date "1991.??.??"]
[Round "8"]
[White "Chiburdanidze, Maia"]
[Black "Fauland, Alexander"]
[Result "1/2-1/2"]
[WhiteElo "2485"]
[BlackElo "2470"]

1.e4 e5 2.Nf3 Nc6 3.Bc4 Nf6 4.d3 Be7 5.O-O O-O 6.Bb3 d6 7.c3 Bg4 8.Nbd2 Nd7
9.h3 Bh5 10.Bc2 Nc5 11.g4 Bg6 12.d4 exd4 13.cxd4 Nd7 14.d5 Nb4 15.Bb1 c6
16.a3 Na6 17.dxc6 bxc6 18.Nd4 Bf6 19.Nc4 Nb6 20.Nxc6 Qc7 21.N4a5 Rfe8 22.Bf4 Nc8
23.Qd5 Bxb2 24.Ra2 Be5 25.Nxe5 Nb6 26.Qb5 dxe5 27.Be3 Qc8 28.Rc1 Nc7 29.Qb4 Qd8
30.Rd2 Qh4 31.Rxc7 Qxh3 32.Nc6 Qxg4+ 33.Kf1 Bh5 34.Qb5 Na4 35.Nxe5 Qh3+ 36.Kg1 Rab8
37.Rb7 Rec8 38.Rc7 h6 39.Rxc8+ Rxc8 40.Rc2 Rxc2 41.Bxc2 Nc3 42.Qb8+ Kh7 43.Bd3 f6
44.Nc6 Be2 45.Ne7 Qg4+ 46.Kh2 Qh4+  1/2-1/2

[Event "Graz"]
[Site "Graz"]
[Date "1991.??.??"]
[Round "9"]
[White "Mokry, Karel"]
[Black "Chiburdanidze, Maia"]
[Result "1/2-1/2"]
[WhiteElo "2510"]
[BlackElo "2485"]

1.e4 e5 2.Nf3 Nc6 3.Bb5 a6 4.Ba4 Nf6 5.O-O Be7 6.Re1 b5 7.Bb3 d6 8.c3 O-O
9.h3 Na5 10.Bc2 c5 11.d4 exd4 12.cxd4 Bb7 13.Nbd2 cxd4 14.Nxd4 Re8 15.Nf1 Bf8
16.Ng3 g6 17.b3  1/2-1/2

[Event "Graz"]
[Site "Graz"]
[Date "1991.??.??"]
[Round "10"]
[White "Chiburdanidze, Maia"]
[Black "Luther, Thomas"]
[Result "1/2-1/2"]
[WhiteElo "2485"]
[BlackElo "2470"]

1.e4 e6 2.d4 d5 3.Nd2 c5 4.Ngf3 cxd4 5.Nxd4 Nf6 6.Bb5+ Bd7 7.Bxd7+ Nbxd7
8.exd5 Nxd5 9.O-O Be7 10.c4 N5f6 11.b3 Nc5 12.N2f3 O-O 13.Bb2  1/2-1/2

[Event "Graz"]
[Site "Graz"]
[Date "1991.??.??"]
[Round "11"]
[White "Wells, Peter K"]
[Black "Chiburdanidze, Maia"]
[Result "1/2-1/2"]
[WhiteElo "2460"]
[BlackElo "2485"]

1.d4 Nf6 2.c4 g6 3.Nc3 Bg7 4.e4 O-O 5.Nf3 c6 6.e5 Ne8 7.Bf4 d6 8.h3 Nd7 9.Qd2 c5
10.dxc5 Nxc5 11.Rd1 Be6 12.Be2 Qa5 13.O-O dxe5 14.Bxe5 Bxe5 15.Nxe5 f6 16.Nd3 Nxd3
17.Bxd3 Rd8 18.Qe3 Ng7 19.Rfe1  1/2-1/2